000
00316nam a2200133Ia 4500
008
240624s9999 xx 000 0 und d
041
_a
eng
082
_a
828 BAN
100
_a
BANERJEE JAYDEEP
245
_a
SERVING YOU
260
_c
2013
_a
New Delhi
_b
Frog Books
300
_a
220 : p. : cm. ; 26
365
_c
RS
_b
25
999
_c
23727
_d
23727